The Royal Visit 29 July 1999 (Record no. 115531)

MARC details
000 -LEADER
fixed length control field 00732cam a22001935a 4500
001 - CONTROL NUMBER
control field L158834
008 - FIXED-LENGTH DATA ELEMENTS--GENERAL INFORMATION
fixed length control field 150804s1999 xxk f 000 0 eng d
035 ## - SYSTEM CONTROL NUMBER
System control number (Sirsi) u158834
041 0# - LANGUAGE CODE
Language code of text/sound track or separate title eng
110 2# - MAIN ENTRY--CORPORATE NAME
Corporate name or jurisdiction name as entry element Royal Institution of Chartered Surveyors
9 (RLIN) 4900
245 04 - TITLE STATEMENT
Title The Royal Visit 29 July 1999
260 ## - PUBLICATION, DISTRIBUTION, ETC.
Place of publication, distribution, etc. London
Name of publisher, distributor, etc. RICS
Date of publication, distribution, etc. 1999
520 ## - SUMMARY, ETC.
Summary, etc. Commorative booklet of the visit by HM Queen Elizabeth II, Royal Patron of RICS on 24 July 1999 to celebrate the centenaries of RICS HQ building built in 1899 by architect Alfred Waterhouse and Lionheart. Includes Queen's address and photographs.
650 24 - SUBJECT ADDED ENTRY--TOPICAL TERM
Topical term or geographic name entry element 1999 ROYAL VISIT
650 24 - SUBJECT ADDED ENTRY--TOPICAL TERM
Topical term or geographic name entry element LIONHEART
651 #4 - SUBJECT ADDED ENTRY--GEOGRAPHIC NAME
Geographic name London
690 ## - LOCAL SUBJECT ADDED ENTRY--TOPICAL TERM (OCLC, RLIN)
Topical term or geographic name as entry element Facilities management
9 (RLIN) 6240
942 ## - ADDED ENTRY ELEMENTS (KOHA)
Suppress in OPAC 0
Holdings
Withdrawn status Lost status Source of classification or shelving scheme Damaged status Not for loan Home library Current library Shelving location Date acquired Total Checkouts Full call number Barcode Date last seen Copy number Price effective from Koha item type
    Dewey Decimal Classification     Archives Archives Archive copy 04/08/2015   RICS 1999/76 30078993 06/08/2019 1 06/08/2019 Journal article
          Archives Archives Reference copy 25/06/2025   HISTORY OF THE RICS   25/06/2025   25/06/2025 Book
    Dewey Decimal Classification     London London RICS Boxes 04/08/2015   RICS 1999/76 30078982 06/08/2019 1 06/08/2019 Book